LEADER 01720nam2 2200421 i 450 001 CFI0096578 005 20181130222004.0 010 $a8821404064 020 $aIT$b89-6505 100 $a19890629d1985 ||||0itac50 ba 101 | $aita$aeng 102 $ait 181 1$6z01$ai $bxxxe 182 1$6z01$an 200 1 $a3$eMeccanica quantistica$fRichard P. Feynman, Robert B. Leighton, Matthew Sands$gtraduzione a cura di G. Altarelli e C. Chiuderi$gcoordinatore: G. Toraldo di Francia 210 $aMilano$cMasson Italia$d1985 215 $a1 v. (paginazione varia)$d21x26 cm. 461 1$1001CFI0093625$12001 $a˜La œfisica di Feynman$fRichard P. Feynman, Robert B. Leighton, Matthew Sands$v3 510 1 $aQuantum mechanics. -$9CFI0096581 606 $aFisica$2FIR$3NAPC002294$9I 606 $aMeccanica quantistica$2FIR$3NAPC000186$9I 606 $aFISICA$xEsercitazioni$2FIR$3NAPC129892$9I 676 $a530$9FISICA$v14 676 $a530.12$9TEORIE E FISICA MATEMATICA. Meccanica quantistica (Teoria dei quanti)$v14 700 1$aFeynman$b, Richard P.$3CFIV059930$4070$046772 701 1$aLeighton$b, Robert B.$3CFIV059931$4070$0757 701 1$aSands$b, Matthew$3CFIV059933$4070$0758 702 1$aToraldo di Francia$b, Giuliano$3CFIV010880 702 1$aAltarelli$b, Gaetano$3CFIV061557 702 1$aChiuderi$b, Claudio$3CFIV061559 790 1$aFeynman$b, Richard Phillips$3NAPV108718$zFeynman, Richard P. 790 1$aSands$b, Matthew Linzee$3SBNV053151$zSands, Matthew 801 3$aIT$bIT-NA0079$c19890629 850 $aIT-NA0079 $aIT-NA0070 912 $aCFI0096578 977 $a BN$a BU 996 $a3$91396302 997 $aUNISANNIO LEADER 00840cam0 2200265 450 001 E600200025367 005 20190312102627.0 010 $a88-8247-091-1 100 $a20070216d2001 |||||ita|0103 ba 101 $aita 102 $aIT 200 1 $aNausicaa$fGiuseppe Conte$gintroduzione di Fabio Pierangeli 210 $aManziana (Roma)$cVecchiarelli$d2001 215 $a78 p.$d21 cm 700 1$aConte$b, Giuseppe$3AF00003992$4070$0371556 702 1$aPierangeli, Fabio$3A600200026333$4070 801 0$aIT$bUNISOB$c20190312$gRICA 850 $aUNISOB 852 $aUNISOB$j850$m132663 912 $aE600200025367 940 $aM 102 Monografia moderna SBN 941 $aM 957 $a850$b003361$gSi$d132663$rdono$1pomicino$2UNISOB$3UNISOB$420070216095535.0$520190312102627.0$6rovito 996 $aNausicaa$91686826 997 $aUNISOB